Průvodce pro výběr svodičů přepětí : typ 1, typ 2, typ 3

Saved in:
Bibliographic Details
Format: Book
Language:Czech
Published: [Hradec Králové] : [Hakel - Trade], [2012]
Edition:[1. vyd.]
Subjects:
Online Access: Get full text
Tags: Add Tag
No Tags, Be the first to tag this record!

MARC

LEADER 00000nam a2200000 4500
003 SK-BrCVT
005 20220618073757.0
006 ao e 000 0
008 120606s2012####xr o e 000 0cze#d
035 |a CVTIDW0013841 
040 |a CVTISR  |b slo  |c CVTISR  |e AACR2 
041 0 |a cze 
044 |a xr  |c CZ 
080 |a 621.316.93  |2 2008 
110 0 |a HAKEL-TRADE (Hradec Králové, Česko)  |4 mfr 
245 1 0 |a Průvodce pro výběr svodičů přepětí :  |b typ 1, typ 2, typ 3 
250 |a [1. vyd.] 
260 3 |a [Hradec Králové] :  |b [Hakel - Trade],  |c [2012] 
300 |a [8 s.] :  |b fotogr., obr., tab. ;  |c 30 cm 
653 1 |a zvodič prepätia 
653 1 |a prepäťová ochrana 
655 7 |a firemné prospekty  |2 SNKPH 
710 0 |a Hakel Slovensko (Košice, Slovensko)  |4 dst 
852 |a CVTISR  |b 1 
856 4 |u http://www.hakel-trade.cz 
910 |b F033588 
959 |a 4507 
974 |a agnesa.remenarova  |f Firemná literatúra 
992 |a FFP 
999 |c 185854  |d 185854